LIBRARY & INFORMATION CENTRE, KCAET, TAVANUR

ONLINE PUBLIC ACCESS CATALOGUE (OPAC)

Problems in operations research / (Record no. 6728)

MARC details
000 -LEADER
fixed length control field 00415cam a2200169ua 4500
041 ## - LANGUAGE CODE
Language code of text/sound track or separate title eng
082 ## - DEWEY DECIMAL CLASSIFICATION NUMBER
Classification number 658.4034
Item number GUP/PR
100 ## - MAIN ENTRY--AUTHOR NAME
Personal name Gupta, P K .
245 ## - TITLE STATEMENT
Title Problems in operations research /
250 ## - EDITION STATEMENT
Edition statement 6 /
260 ## - PUBLICATION, DISTRIBUTION, ETC. (IMPRINT)
Place of publication New Delhi :
Name of publisher S.Chand & Sons ,
Year of publication 1994.
300 ## - PHYSICAL DESCRIPTION
Number of Pages 904 ; .
700 1# - ADDED ENTRY--PERSONAL NAME
Personal name Manmohan, .
942 ## - ADDED ENTRY ELEMENTS (KOHA)
Koha item type Books
Holdings
Withdrawn status Lost status Damaged status Home library Current library Date acquired Full call number Accession Number Koha item type
      KAUAET KAUAET 07/04/2012 658.4034 GUP/PR 18529 Books
free website counter